000 00646nas a2200253 4500
001 BR9204371
003 BR-BrBNA
005 20231205092725.0
007 ta
008 230509b bl.|||p| |||| 00| 00por d
040 _aBR-BrBNA
_bpor
_cBiblioteca Nacional de Agricultura
041 _a(Pt)
072 _aH10
100 1 _aAnon.
245 1 _aOs segredos do cupim
650 _aCUPIM
650 _aPRAGA DE PLANTA
650 _aCICLO DE VIDA
650 _aHABITAT
650 _aPRATICO
773 0 _tGranja do Ano (Brazil)
_x
_g(1990), (no. 5) p. 60-66
_wBR9204371
909 _a202311
_bLúcia
_c55
_dLúcia Elande
942 _2AGRIS
_n0
_cANA
999 _c133699
_d133699